1121 2000 1017 1697 1239 1109 1610 1389 1470 1709 1909 1974 1165 1664 1353 1657 1366 1392 1732 1997 1058 1366 1795 1355 1803 1065 1209 1926 1159 1386 1121 1987 1699 1872 1469 1402 1975 1196 1524 1034 1616 1039 1138 1199 1555 1810 1629 1164 1176 1760 1904 1172 1932 1648 1920 1783 1783 1361 1789 1219 1146 1019 1827 1103 1219 1648 1026 1001 1188 1413 1333 1644 1018 1037 1565 1150 1287 1487 1354 1115 1455 1697 1583 1438 1348 1879 1046 1798 1528 1873 1092 1805 1193 1493 1884 1121 1372 1819 1516 BCNSPRNW ULIB Ver.6.0+V

เปลี่ยนเป็นภาษาไทย

Change to English
 แสดงรายละเอียดบรรณานุกรม
  กลับหน้าหลัก

Brief Record : Get Marc (ISO 2709) : E-mail record : QR code < ปิดหน้าต่าง
LEADER : 00000nam 2200000uu 4500
001    13399126272
003     ULIB
008    180827s2560||||th 000 0 tha d
020    ^a9786162799822
040    ^abnc
060 04 ^aWQ100^bต367
245 00 ^aตำราสูติศาสตร์ =^bModern textbook of obstetrics /^cบรรณาธิการ,ประภัทร วานิชพงษ์พันธ์, กุศล รัศมีเจริญ, ตรีภพ เลิศบรรพงษ์
246 31 ^aModern textbook of obstetrics
250    ^aพิมพ์ครั้งที่ 1
260    ^aกรุงเทพฯ :^bภาควิชาสูติศาสตร์-นรีเวชวิทยา คณะแพทยศาสตร์ศิริราชพยาบาลมหาวิทยาลัยมหิดล,^c2560
300    ^a454 หน้า :^bภาพประกอบ ;^c31 ซม.
650  4 ^aสูติศาสตร์
653    ^aผลงานอาจารย์คณะแพทยศาสตร์ศิริราชพยาบาล
700 0  ^aประภัทร วานิชพงษ์พันธ์,^eบรรณาธิการ
700 0  ^aกุศล รัศมีเจริญ,^eบรรณาธิการ
700 0  ^aตรีภพ เลิศบรรพงษ์,^eบรรณาธิการ
710 2  ^aมหาวิทยาลัยมหิดล.^bคณะแพทยศาสตร์ศิริราชพยาบาล.^bภาควิชาสูติศาสตร์-นรีเวชวิทยา
945    ^p700^l0^i004459
945    ^p700^l0^i004460
945    ^p700^l0^i004457
945    ^p700^l0^i004458
945    ^p700^l0^i004454
945    ^p700^l0^i004456
945    ^p700^l0^i004455
999    ^aประนอม เกษจรัล
รายการนี้ยังไม่มีแท็ก
คุณยังไม่ได้ล็อกอิน คุณสามารถมีกิจกรรมร่วมกับเว็บไซต์ได้ แต่ต้องล็อกอินก่อน ::
  ล็อกอิน

รายการสื่อสารสนเทศ

ลำดับที่ ประเภท เลขเรียก/บาร์โค้ด สถานที่ สถานะ
1. วิทยาศาสตร์การแพทย์ และสุขภาพ
หนังสือสำรอง
สถานะ=หนังสือสำรอง
WQ100 ต367 ฉ.1 
  Barcode: 004454
ห้องสมุดวิทยาเขตสวรรค์ประชารักษ์
►หนังสือทั่วไป
บนชั้น
2. วิทยาศาสตร์การแพทย์ และสุขภาพ
วิทยาศาสตร์การแพทย์ และสุขภาพ
WQ100 ต367 ฉ.2 
  Barcode: 004455
ห้องสมุดวิทยาเขตสวรรค์ประชารักษ์
►หนังสือทั่วไป
บนชั้น
3. วิทยาศาสตร์การแพทย์ และสุขภาพ
วิทยาศาสตร์การแพทย์ และสุขภาพ
WQ100 ต367 ฉ.3 
  Barcode: 004456
ห้องสมุดวิทยาเขตสวรรค์ประชารักษ์
►หนังสือทั่วไป
บนชั้น
4. วิทยาศาสตร์การแพทย์ และสุขภาพ
วิทยาศาสตร์การแพทย์ และสุขภาพ
WQ100 ต367 ฉ.4 
  Barcode: 004457
ห้องสมุดวิทยาเขตสวรรค์ประชารักษ์
►หนังสือทั่วไป
บนชั้น
5. วิทยาศาสตร์การแพทย์ และสุขภาพ
วิทยาศาสตร์การแพทย์ และสุขภาพ
WQ100 ต367 ฉ.5 
  Barcode: 004458
ห้องสมุดวิทยาเขตสวรรค์ประชารักษ์
►หนังสือทั่วไป
บนชั้น
6. วิทยาศาสตร์การแพทย์ และสุขภาพ
วิทยาศาสตร์การแพทย์ และสุขภาพ
WQ100 ต367 ฉ.6 
  Barcode: 004459
ห้องสมุดวิทยาเขตสวรรค์ประชารักษ์
►หนังสือทั่วไป
บนชั้น
7. วิทยาศาสตร์การแพทย์ และสุขภาพ
วิทยาศาสตร์การแพทย์ และสุขภาพ
WQ100 ต367 ฉ.7 
  Barcode: 004460
ห้องสมุดวิทยาเขตสวรรค์ประชารักษ์
►หนังสือทั่วไป
บนชั้น

รายการใกล้เคียง
    หัวเรื่อง [สูติศาสตร์]

BibComment


ยังไม่เคยถูกคอมเมนท์

คอมเมนท์ทรัพยากรรายการนี้
  คอมเมนท์: ตำราสูติศาสตร์ ..


 Copyright 2026. Bcnsprnw @Library